• 首页
  • 本馆介绍
  • 公告通知
  • 最新文献
  • 馆藏检索
  • 电子资源
  • 读者导购
  • 参考咨询
  • 我的图书馆
  • 登录
  • 详细信息显示
  • 放入我的书架
  • 预约/预借图书
  • 作者相关作品
  • 分类相关作品
  • 丛书相关作品
  • 出版社相关作品

书目信息

  • 表格格式
  • 工作单格式
  • 卡片格式
题名:
大学心理学
    
 
作者: 季亚钦科 , 坎迪鲍维奇 , 朱企儒 著
分册:  
出版信息: 北京   教育科学出版社  1985.1
页数: 388页
开本: 20cm
丛书名:
单 册:
中图分类: G44
科图分类: 38.14
主题词: 高等学校-教育心理学 , 教育心理学-高等学校
电子资源:
ISBN:
000 01041nam0 2200301 45
001 1551650267
005 20150126142124.23
010    @dCNY1.90
020    @aCN@b88021472
100    @a19910417d1985 km y0chiy0120 ea
101 1  @achi@crus
102    @aCN@b110000
105    @ay z 000yy
200 10 @a大学心理学@Ada xue xin li xue@f(苏)季亚钦科,(苏)坎迪鲍维奇著@F( su ) ji ya qin ke ,( su ) kan di bao wei qi zhu@g朱企儒等译
210    @a北京@c教育科学出版社@d1985.1
215    @a388页@d20cm
300    @a著者原题:М.И.季亚钦科 Л.А.坎迪鲍维奇
330    @a本书揭示了培养全面发展的专家的心理学规律,阐述了大学心理学的基本问题,并对大学的学生、教师和领导的心理特征进行了分析。
540 1  @a大学心理学@Ada xue xin li xue
606    @a高等学校-教育心理学
606    @a教育心理学-高等学校
690    @aG44@v1980
692    @a38.14@v1974
701  0 @a季亚钦科@Aji ya qin ke@4著
701  0 @a坎迪鲍维奇@Akan di bao wei qi@4著
701  0 @a朱企儒@Azhu qi ru@4译
801  0 @aCN@bTSSF@c20150126
905    @aZUCC@dG44@eJY44
    
    大学心理学/(苏)季亚钦科,(苏)坎迪鲍维奇著/朱企儒等译.-北京:教育科学出版社,1985.1
    388页;20cm
    著者原题:М.И.季亚钦科 Л.А.坎迪鲍维奇
    
    ISBN :CNY1.90
    本书揭示了培养全面发展的专家的心理学规律,阐述了大学心理学的基本问题,并对大学的学生、教师和领导的心理特征进行了分析。
●
相关链接 在E读中查询图书 在五车中查询图书 在当当中查询图书 在豆瓣中查询图书


正题名:大学心理学     索取号:G44/JY44         预约/预借

序号 登录号 条形码 馆藏地/架位号 状态 备注
1 7846013   278460130   学院路分馆/ [索取号:G44/JY44] 在馆    
2 7846014   278460149   学院路分馆/ [索取号:G44/JY44] 在馆    
唐山师范学院图书馆 欢迎您!
大连网信软件有限公司© 版权所有